Регионална библиотека "Любен Каравелов" - Русе

Игри на смърт (Запис номер 197661)

MARC детайли
000 -Лидер
Контролно поле с фиксирана дължина 01387nam a2200373 c 4500
003 - Код на организацията, давaща контролен номер
Контролно поле BLK
005 - Дата и час на последна редакция
Контролно поле 20250723154627.0
008 - Елементи от данни с фиксирана дължина
fixed length control field 180411b bul|||||r ||||||| ||bul||
010 ## - Наследен системен номер
LC control number KNG00206945000
020 ## - Международен стандартен номер на книга ISBN
Международен стандартен номер на книга ISBN 978-954-409-372-3
-- издат.: Плеяда
040 ## - Източник на каталожния запис
Идентификатор на билиотеката - собственик на записа BLK
041 ## - Код за език
Код за езика на текст/звукозапис или на отделно заглавие Български
Код за езика КДБФ Български
072 #7 - Код за тематичната категория
Код организация bullib
Код за тематична категория Н83
Текст Чужда художествена литература Н
080 ## - УДК
Текстов определител УДК Американска литература (на САЩ)
УДК код - определител по УДК 821.111(73)
УДК определител -312.4
УДК - код + определител 821.111(73)-312.4
100 1# - Редна дума - Автор
Автор Хосп, Дейвид
Авторска отговорност първи автор
R(LIN) 137591
139 ## - Редно поле
Редна дума Хосп, Дейвид
Авторски знак Хоро - Х 69
245 10 - Сведения за заглавието
Заглавие Игри на смърт
Подзаглавни данни Роман
Редно поле (дума) Дейвид Хосп; прев. от англ. Денис Апов.
257 ## - Страна на издаване
Страна на създаване/издаване Съединени американски щати
260 ## - Област на издателските данни
-- София
Име на издателя, разпространителя и проч. Плеяда
Година на издаване 2017
Печатница София : Симолини
300 ## - Физическа характеристика
Страници 352 с.
Размери/Мащаб 20 см
380 ## - Жанр
Жанр Худож. лит.
490 1# - СЕРИИ (Колекции)
Име на серия Световен трилър
500 ## - Общи забележки
Забележка Ориг. загл. Game of Death / David Hosp.
653 ## - Ключова дума – ненормативна
Ключова дума крими
653 ## - Ключова дума – ненормативна
Ключова дума романи
659 ## - Тематичен бюлетин
Тематичен бюлетин Н
700 1# - Други автори (авторска отговорност)
Лично име Апов, Денис
Автороска отговорност (Описва отношението между автора и произведението) прев. от англ.
9 (RLIN) 33005
852 ## - Местоположение
Форматна сигнатура Цб 285768
856 4# - Електронен адрес и достъп
Електронен формат pdf - файл
Път до файла /url/
856 4# - Електронен адрес и достъп
Електронен формат pdf - файл
Път до файла /url/
942 ## - АРТИКУЛИ
Вид на библиотечния материал Книги
Скрит в OPAC Не
Koha issues (borrowed), all copies 38
944 ## - СЪЗДАВАНЕ И РЕДАКЦИЯ на ЗАПИСА
Създаване/Редакция Създаване
Дата на регистрацията/редакция 25.05.2017
Статус, дата на статуса Мартин Енчев
Служител, извършил регистрацията/редакцията 30575
944 ## - СЪЗДАВАНЕ И РЕДАКЦИЯ на ЗАПИСА
Създаване/Редакция Редакция
Дата на регистрацията/редакция 10.10.2017
Статус, дата на статуса ф /
Служител, извършил регистрацията/редакцията Пенка_Димитрова
999 ## - СИСТЕМНИ КОНТРОЛНИ НОМЕРА
Koha biblionumber 197661
Koha biblioitemnumber 197661
Наличности
Код за отписване Код за изгубен артикул Източник на класификационната схема Код за повреда Коз за рестрикции Код за отдаване Артикулен № Име на библиотеката - собственик Име на библиотеката, в която се намира в момента Статус (Текущо местоположение) Дата на вписване в системата Местоположение - отдел Цена в лева Инвентарен номер Систематично азбучна сигнатура Баркод Номер на екземпляра Цена в евро Служебна бележка Служебен тип на артикула
  Не е изгубен Universal Decimal Classification Не е повреден без рестрикции заемане за дома 344071 Регионална библиотека "Любен Каравелов" Русе Регионална библиотека "Любен Каравелов" Русе Заемна - подръчен фонд 2017-05-26 Заемна - подръчен фонд 17.00 120000811412 П 820(73)-31/Х 69 120000811412 1 8.69 Дост: Pk Вид: Ф N: 490 Дата: 26.05.2017 Дата инв: 10.03.2018 Бележки инв: П2018 Книги
  Не е изгубен   Не е повреден без рестрикции ползва се в читалня 344072 Регионална библиотека "Любен Каравелов" Русе Регионална библиотека "Любен Каравелов" Русе Хранилище 2017-10-10 Хранилище 17.00 120000815693 Цб 285768 120000815693 2 8.69 Дост: Dp Вид: Д N: 35 Дата: 28.07.2017 Книги
  Не е изгубен Universal Decimal Classification Не е повреден   заемане за дома 687770 Регионална библиотека "Любен Каравелов" Русе Регионална библиотека "Любен Каравелов" Русе Заемна - подръчен фонд 2018-12-27 Заемна - подръчен фонд 5.00   П 820(73)-31/Х 69 120000828878   2.56   Книги
Vip Innovations Ltd, Rousse, Bulgaria 2025